• 首页
  • 本馆介绍
  • 公告通知
  • 最新文献
  • 馆藏检索
  • 电子资源
  • 读者导购
  • 参考咨询
  • 我的图书馆
  • 登录
  • 详细信息显示
  • 放入我的书架
  • 预约/预借图书
  • 作者相关作品
  • 分类相关作品
  • 丛书相关作品
  • 出版社相关作品

书目信息

  • 表格格式
  • 工作单格式
  • 卡片格式
题名:
视觉构造原理
    
 
作者: 师晟 著
分册:  
出版信息: 上海   东华大学出版社  2006
页数: 94页
开本: 29cm
丛书名:
单 册:
中图分类: J061
科图分类:
主题词: 视觉形象--构图(美术)--高等学校--教材 , 视觉形象 , 构图(美术)
电子资源:
ISBN: 7-81111-015-6
000 00939nam0 2200265 450
001 003072586
005 20061121103646.40
010    @a7-81111-015-6@dCNY36.00
100    @a20060104d2006 em y0chiy0110 ea
101 0  @achi
102    @aCN@b310000
105    @aa z 000yy
200 1  @a视觉构造原理@9shi jue gou zao yuan li@e视觉基础造型构造@f师晟著
210    @a上海@c东华大学出版社@d2006
215    @a94页@c图@d29cm
300    @a上海普通高校教材建设项目《构成原理》课程 上海市重点学科建设项目资助,项目编号:p1404
330    @a本书涉及视觉基础造型的基础内容,分内容构造元素、造型构造元素、装饰构造元素、形式构造元素、色彩构造元素五个章节。
517 1  @a视觉基础造型构造@9shi jue ji chu zao xing gou zao
606 0  @a视觉形象@x构图(美术)@x高等学校@j教材
606 0  @a视觉形象
606 0  @a构图(美术)
690    @aJ061@v4
701  0 @a师晟@9shi sheng@f(1966~)@4著
801  0 @aCN@bNLC@c20061121
905    @a10447@dJ061@e160
    
    视觉构造原理:视觉基础造型构造/师晟著.-上海:东华大学出版社,2006
    94页:图;29cm
    上海普通高校教材建设项目《构成原理》课程 上海市重点学科建设项目资助,项目编号:p1404
    
    ISBN 7-81111-015-6:CNY36.00
    本书涉及视觉基础造型的基础内容,分内容构造元素、造型构造元素、装饰构造元素、形式构造元素、色彩构造元素五个章节。
●
相关链接 在E读中查询图书 在五车中查询图书 在当当中查询图书 在豆瓣中查询图书


正题名:视觉构造原理     索取号:J061/160         预约/预借

序号 登录号 条形码 馆藏地/架位号 状态 备注
1 0394198   203941985   第一样本阅览室/ [索取号:J061/160] 在馆    
2 0394199   203941994   第一借阅区/ [索取号:J061/160] 在馆    
3 0394200   203942001   第一借阅区/ [索取号:J061/160] 在馆    
4 0394201   203942010   第一借阅区/ [索取号:J061/160] 在馆    
5 0394202   203942029   第一借阅区/ [索取号:J061/160] 在馆    
唐山师范学院图书馆 欢迎您!
大连网信软件有限公司© 版权所有